000 00378cam a22001217a 4500
008 180718b1963 xxu||||| |||| 00| 0 eng d
082 _aA81x54 In2/61/4/PT2A
100 _aCensus of India 1961
245 _aBihar: general population tables
260 _aDelhi
_bThe Manager of Publications
_c1963
300 _a652+p.
440 _aCensus of India 1961. Volume IV, Bihar. Part II-A
999 _c483897
_d483897